MARC

LEADER 00000nam0a2200000 4500
001 294786
005 20231102000735.0
020 |a RU  |b 83-65196 
035 |a (RuTPU)RU\TPU\book\319860 
090 |a 294786 
100 |a 20150516d1983 k y0rusy5003 ca 
101 0 |a rus 
102 |a UA 
105 |a a z 001zy 
200 1 |a Цементы из базальтов  |e монография  |f А. А. Пащенко [и др.]  |g Академия наук Украинской ССР (АН УССР), Институт коллоидной химии и химии воды им. А. В. Думанского ; под ред. А. А. Пащенко 
210 |a Киев  |c Наукова думка  |d 1983 
215 |a 190 с.  |c ил. 
300 |a Авт. указаны на обороте тит. л. 
320 |a Библиогр.: с. 169-187 
606 1 |a Цемент базальтовый  |2 stltpush  |3 (RuTPU)RU\TPU\subj\35784  |9 57381 
610 1 |a монографии 
610 1 |a цементная промышленность 
610 1 |a гидратация 
610 1 |a сырье 
610 1 |a состав 
610 1 |a производство 
610 1 |a шлам 
610 1 |a свойства 
610 1 |a строительство 
610 1 |a базальтовые породы 
610 1 |a портландцемент 
610 1 |a минералообразование 
610 1 |a карбонат кальция 
610 1 |a базальтовые клинкеры 
610 1 |a гидратация 
675 |a 666.944  |v 3 
701 1 |a Пащенко  |b А. А.  |g Александр Александрович 
701 1 |a Мясникова  |b Е. А.  |g Елена Александровна 
701 1 |a Мясников  |b А. А.  |g Александр Андреевич 
702 1 |a Пащенко  |b А. А.  |g Александр Александрович  |4 340 
712 0 2 |a Академия наук Украинской ССР (АН УССР)  |b Институт коллоидной химии и химии воды им. А. В. Думанского  |c (Киев)  |2 stltpush  |3 (RuTPU)RU\TPU\col\11823 
801 0 |a RU  |b RuMRKP  |c 19950704  |g psbo 
801 1 |a RU  |b 63413507  |c 20150516 
801 2 |a RU  |b 63413507  |c 20200826  |g RCR 
942 |c BK